| 000 | 00609cab a2200241 4500 | ||
|---|---|---|---|
| 001 | ABS60265 | ||
| 008 | 090401t1999 xxu||||| |||| 00| 0 eng d | ||
| 035 | _a(Sirsi) u92155 | ||
| 041 | _aeng | ||
| 100 | _aPhillips, M. | ||
| 245 | _aRedundancy and how to survive it | ||
| 260 | _c1999 | ||
| 350 | _a0 | ||
| 490 |
_aConstruction News _v(6606) 11 March 1999, 20-21(2) |
||
| 650 | _aCONSTRUCTION INDUSTRY | ||
| 650 | _aCONSTRUCTION WORKERS | ||
| 650 | _aINTERVIEW TECHNIQUES | ||
| 650 | _aJOB SEEKING | ||
| 650 | _aREDUNDANCY | ||
| 690 | _aBUILT ENVIRONMENT | ||
| 942 | _n0 | ||
| 948 | _c17/03/1999 | ||
| 999 |
_c58427 _d58427 |
||